000 01314nam a2200325 a 4500
001 000998939
003 AM-YeHGA
005 20250617150425.0
008 140121s1975 ||||||||r|||||000|0|rus|d
040 _aAM-YeHGA
041 0 _arus
245 0 0 _aСправочник по применению бактерийных и вирусных препаратов /
_c[В.И. Алексеева [и др.]] ; под ред.: С.Г. Дзагурова, Ф.Ф. Резепова.
260 _aМосква :
_bМедицина,
_c1975.
300 _a224 с. :
_bтабл. ;
_c23 см.
504 _aУказ.: с. 205-220
650 1 4 _aСправочники фармакологические
650 1 4 _aВакцины бактериальные
650 1 4 _aАнтибактериальные средства
650 1 4 _aПротивовирусные средства
650 1 4 _aВакцины вирусные
650 1 4 _aСыворотки иммунные
650 1 4 _aБактериофаги
700 1 _aАлексеева, В. И.
700 1 _aБалоян, Л.Б.
700 1 _aБрагинская, В.П.
700 1 _aБулатова, Т.И.
700 1 _aДзагуров, С.Г.
_eред.
_4edt
700 1 _aРезепов, Ф.Ф.
_eред.
_4edt
090 _c332459
999 _c330698
_d330698